3D-семантическая сегментация опухолей головного мозга на снимках МРТ; Молодежь и современные информационные технологии

Podrobná bibliografie
Parent link:Молодежь и современные информационные технологии.— 2025.— С. 372-377
Hlavní autor: Закиев Я. Т.
Další autoři: Спицын В. Г. Владимир Григорьевич
Shrnutí:Была решена задача семантической сегментации снимков МРТ опухолей головного мозга в 3D-измерении при помощи глубокой сверточной нейронной сети архитектуры DynU-Net. Для разработки использовался фреймворк Monai и набор данных Brats 2023, к которому был применен ряд операций аугментации
Текстовый файл
Jazyk:ruština
Vydáno: 2025
Témata:
On-line přístup:http://earchive.tpu.ru/handle/11683/132240
Médium: MixedMaterials Elektronický zdroj Kapitola
KOHA link:https://koha.lib.tpu.ru/cgi-bin/koha/opac-detail.pl?biblionumber=681159

MARC

LEADER 00000naa2a2200000 4500
001 681159
005 20250916110430.0
090 |a 681159 
100 |a 20250806d2025 k||y0rusy50 ca 
101 0 |a rus 
102 |a RU 
135 |a drbn ---uucaa 
200 1 |a 3D-семантическая сегментация опухолей головного мозга на снимках МРТ  |f Закиев Я. Т., Спицын В. Г. 
320 |a Список использованных источников: 12 назв 
330 |a Была решена задача семантической сегментации снимков МРТ опухолей головного мозга в 3D-измерении при помощи глубокой сверточной нейронной сети архитектуры DynU-Net. Для разработки использовался фреймворк Monai и набор данных Brats 2023, к которому был применен ряд операций аугментации 
336 |a Текстовый файл 
463 1 |0 681090  |9 681090  |t Молодежь и современные информационные технологии  |o сборник трудов XXII Международной научно-практической конференции студентов, аспирантов и молодых ученых, 15–17 апреля 2025 г., Томск  |f под ред. А. С. Беляева  |c Томск  |d 2025  |n Изд-во ТПУ  |u conference_tpu-2025-C04.pdf  |v С. 372-377 
545 1 |a Компьютерное зрение, обработка естественного языка и интеллектуальные системы 
610 1 |a электронный ресурс 
610 1 |a труды учёных ТПУ 
610 1 |a изображения МРТ 
610 1 |a классификация 
610 1 |a сегментация 
610 1 |a сверточные нейронные сети 
610 1 |a Monai 
700 1 |a Закиев  |b Я. Т. 
701 1 |a Спицын  |b В. Г.  |c специалист в области информатики и вычислительной техники  |c профессор Томского политехнического университета, доктор технических наук  |f 1948-  |g Владимир Григорьевич  |9 9740 
801 0 |a RU  |b 63413507  |c 20250806 
850 |a 63413507 
856 4 |u http://earchive.tpu.ru/handle/11683/132240  |z http://earchive.tpu.ru/handle/11683/132240 
942 |c CF